<?xml version="1.0" encoding="UTF-8"?>
<collection xmlns="http://www.loc.gov/MARC21/slim">
 <record>
  <leader>01598nam a2200229Ia 4500</leader>
  <controlfield tag="001">CTU_30132</controlfield>
  <controlfield tag="008">210402s9999    xx            000 0 und d</controlfield>
  <datafield tag="082" ind1=" " ind2=" ">
   <subfield code="a">630.72</subfield>
  </datafield>
  <datafield tag="082" ind1=" " ind2=" ">
   <subfield code="b">G633</subfield>
  </datafield>
  <datafield tag="100" ind1=" " ind2=" ">
   <subfield code="a">Gomez, Kwanchai A</subfield>
  </datafield>
  <datafield tag="245" ind1=" " ind2="0">
   <subfield code="a">Statistical procedures for agricultural research</subfield>
  </datafield>
  <datafield tag="245" ind1=" " ind2="0">
   <subfield code="c">Kwanchai A. Gomez, Arturo A. Gomez</subfield>
  </datafield>
  <datafield tag="260" ind1=" " ind2=" ">
   <subfield code="a">New York</subfield>
  </datafield>
  <datafield tag="260" ind1=" " ind2=" ">
   <subfield code="b">John Wiley &amp; Sons</subfield>
  </datafield>
  <datafield tag="260" ind1=" " ind2=" ">
   <subfield code="c">1984</subfield>
  </datafield>
  <datafield tag="520" ind1=" " ind2=" ">
   <subfield code="a">Designed for the nonexpert in statistics, this text presents a clear discussion of statistical methods for agricultural research and how to use them. Describes procedures for selecting appropriate experimental design, randomization and layout of experimental plots, data collection analysis, and presentation of results. Uses actual experiments as examples.</subfield>
  </datafield>
  <datafield tag="526" ind1=" " ind2=" ">
   <subfield code="a">Tiểu luận tốt nghiệp - KHCT,Thống kê phép thí nghiệm nâng cao,Thâm cứu phép thí nghiệm sinh học,Thống kê sinh học ứng dụng,Thống kê, phép thí nghiệm ứng dụng,Bố trí thí nghiệm và thống kê,Phương pháp nghiên cứu khoa học công nghệ sinh học,Luận văn tốt nghiệp - KHCT,Thống kê phép thí nghiệm ứng dụng trong DT&amp;CGCT,Xác suất thống kê và phép thí nghiệm - KHCT</subfield>
  </datafield>
  <datafield tag="526" ind1=" " ind2=" ">
   <subfield code="b">NN551,NN948,NN902,NNB601,NN686,MT615,CS601,NN402,NNG601,NN184</subfield>
  </datafield>
  <datafield tag="650" ind1=" " ind2=" ">
   <subfield code="a">Agriculture,Field experiments</subfield>
  </datafield>
  <datafield tag="650" ind1=" " ind2=" ">
   <subfield code="x">Research,Statistical methods,Statistical methods</subfield>
  </datafield>
  <datafield tag="904" ind1=" " ind2=" ">
   <subfield code="i">Liên</subfield>
  </datafield>
  <datafield tag="980" ind1=" " ind2=" ">
   <subfield code="a">Trung tâm Học liệu Trường Đại học Cần Thơ</subfield>
  </datafield>
 </record>
</collection>
